Computational aspects of VLSI design with an emphasis on semiconductor device simulation
Αποθηκεύτηκε σε:
| Συλλογικό Έργο: | , , |
|---|---|
| Άλλοι συγγραφείς: | |
| Μορφή: | Πρακτικό Συνεδρίου Βιβλίο |
| Γλώσσα: | English |
| Δημοσίευση: |
Providence, R.I. :
American Mathematical Society,
c1990.
|
| Σειρά: | Lectures in applied mathematics ;
25 |
| Θέματα: | |
| Ετικέτες: |
Προσθήκη ετικέτας
Δεν υπάρχουν, Καταχωρήστε ετικέτα πρώτοι!
|
MARC
| LEADER | 00000cam a2200000 i 4500 | ||
|---|---|---|---|
| 001 | 1/45108 | ||
| 008 | 941103s1990 riu| ||| |||| ||eng|| | ||
| 020 | |a 0821811320 | ||
| 035 | |l 10042453 | ||
| 040 | |a GR-MyUA |b gre |e AACR2 | ||
| 041 | 0 | |a eng | |
| 082 | 7 | |a 621.392 |2 (20) | |
| 111 | 2 | |a SIAM-AMS Summer Seminar on Computational Aspects of VLSI Design with an Emphasis on Semiconductor Device Simulation |d (1987 : |c University of Minnesota) | |
| 245 | 1 | 0 | |a Computational aspects of VLSI design with an emphasis on semiconductor device simulation / |c Randolph E. Bank, editor. |
| 260 | |a Providence, R.I. : |b American Mathematical Society, |c c1990. | ||
| 300 | |a viii, 190 σ. : |b εικ. ; |c 24 εκ. | ||
| 490 | 1 | |a (Lectures in applied mathematics ; |v 25) | |
| 500 | |a Proceedings of the 1987 SIAM-AMS Summer Seminar on Computational Aspects of VLSI Design with an Emphasis on Semiconductor Device Simulation held at the University of Minnesota, Minneapolis from Apr. 30 to May 7, 1987. | ||
| 504 | |a Περιέχει βιβλιογραφικές παραπομπές. | ||
| 650 | 0 | |a Semiconductors |x Simulation methods |x Congresses. | |
| 650 | 0 | |a Integrated circuits |x Very large scale integration |x Design and construction |x Mathematical models |x Congresses. | |
| 700 | 1 | |a Bank, Randolph E., |d 1949- |e edt | |
| 710 | 2 | |a American Mathematical Society. | |
| 710 | 2 | |a Society for Industrial and Applied Mathematics. | |
| 830 | 0 | |a Lectures in applied mathematics ; |v 25 | |
| 852 | |a INST |b SAMOS |e 19941103 |h 621.392 SIA |p 005300007293 |q 005300007293 |t BK |y 0 | ||